Tre tocchi /

Đã lưu trong:
Chi tiết về thư mục
Tác giả chính: Bascir, Jonis (Nhà soạn nhạc)
Tác giả khác: Rocca, Gilles (Diễn viên), De Torrebruna, Riccardo (Biên kịch, Người viết kịch bản), Iervolino, Andrea, (1987- ) (Nhà sản xuất), Frangipane, Francesco (attore) (Biên kịch, Người viết kịch bản), Benvenuto, Massimiliano (Diễn viên), De Michele, Vincenzo (attore) (Diễn viên), Folletto, Antonio (Diễn viên), Ragno, Emiliano (Diễn viên), Amato, Leandro (Diễn viên), Busiri Vici, Andrea, (1960- ) (Nhiếp ảnh gia), Risi, Marco (Biên kịch, Giám đốc, Nhà sản xuất, Người viết kịch bản)
Định dạng: Luận văn Slide
Ngôn ngữ:Tiếng Italy
Được phát hành: [Milano] : Eagle Pictures, [2015], c2014
Các nhãn: Thêm thẻ
Không có thẻ, Là người đầu tiên thẻ bản ghi này!

MARC

LEADER 00000ngm a22000007i 4500
001 IT\ICCU\MOD\1646641
003 ItRI
005 20260124182858.0
008 150519q20142015it |||||||||||||||k|||||c
024 3 1 |a 8031179939619 
028 4 2 |a 863961EVDO  |b Eagle Pictures 
040 |b ita 
041 7 |a ita  |2 ISO-639-2 
130 0 |a Tre tocchi <film ; 2014>  |3 IT\ICCU\MOD\1646642 
245 0 0 |a Tre tocchi /  |c diretto da Marco Risi ; soggetto e sceneggiatura Marco Risi, Riccardo De Torrebruna, Francesco Frangipane ; direttore della fotografia: Andrea Busiri Vici D'Arcevia ; musiche: Jonis Bascir ; prodotto da Andrea Iervolino, Marco Risi ; cast: Leonardo Amato, Massimiliano Benvenuto, Vincenzo De Michele ... [et al.]. 
260 |a [Milano] :  |b Eagle Pictures, [2015],  |c c2014 
300 |a 1 DVD-Video (100 min.) :  |b color., sonoro ;  |c in contenitore, 19 cm 
500 |a Caratteristiche tecniche: regione 2; sistema e formato video: PAL; 2.35:1; formato audio: Dolby digital 5.1 
500 |a Titolo del contenitore 
500 |a Data desunta da catalogo online 
500 |a Altri interpreti: Antonio Folletto, Emiliano Ragno 
500 |a Produzione cinematografica: Italia, 2014 
500 |a Lingue: italiano; sottotitoli: italiano per non udenti, inglese 
502 |a Contenuti extra: Backstage; Trailer; Fotogallery 
700 1 |a Rocca, Gilles  |0 IT\ICCU\DDSV\350680  |4 act 
700 1 |a De Torrebruna, Riccardo  |0 IT\ICCU\LO1V\187871  |4 aus 
700 1 |a De Torrebruna, Riccardo  |0 IT\ICCU\LO1V\187871  |4 sce 
700 1 |a Iervolino, Andrea,  |d  (1987- )  |0 IT\ICCU\LO1V\398397  |4 pro 
700 1 |a Frangipane, Francesco  |c  (attore)  |0 IT\ICCU\MODV\658540  |4 aus 
700 1 |a Frangipane, Francesco  |c  (attore)  |0 IT\ICCU\MODV\658540  |4 sce 
700 1 |a Benvenuto, Massimiliano  |0 IT\ICCU\MODV\658541  |4 act 
700 1 |a De Michele, Vincenzo  |c  (attore)  |0 IT\ICCU\MODV\658542  |4 act 
700 1 |a Folletto, Antonio  |0 IT\ICCU\MODV\658543  |4 act 
700 1 |a Ragno, Emiliano  |0 IT\ICCU\MODV\658544  |4 act 
700 1 |a Amato, Leandro  |0 IT\ICCU\PARV\566744  |4 act 
700 1 |a Busiri Vici, Andrea,  |d  (1960- )  |0 IT\ICCU\SBNV\116429  |4 pht 
700 1 |a Risi, Marco  |0 IT\ICCU\UBOV\051100  |4 aus 
700 1 |a Risi, Marco  |0 IT\ICCU\UBOV\051100  |4 drt 
700 1 |a Risi, Marco  |0 IT\ICCU\UBOV\051100  |4 pro 
700 1 |a Risi, Marco  |0 IT\ICCU\UBOV\051100  |4 sce 
700 1 |a Bascir, Jonis  |0 IT\ICCU\VIAV\130784  |4 cmp 
942 |2 ddc  |c VM  |n 0 
952 |0 0  |1 0  |4 0  |6 VO_2217_000000000000000  |7 0  |9 27444  |a BO  |b BO  |d 2026-01-24  |i 18235  |l 0  |o VO 2217  |p BO18235  |r 2026-01-24 18:28:58  |w 2026-01-24  |x [Sebina 5] [1 dvd]  |y VM  |z 1 dvd 
999 |c 23243  |d 23243